Les demi-civilisés

সংরক্ষণ করুন:
গ্রন্থ-পঞ্জীর বিবরন
প্রধান লেখক: Harvey, Jean-Charles
বিন্যাস: গ্রন্থ
ভাষা:Undetermined
প্রকাশিত: Montreal, Canadá L´homme 1966
বিষয়গুলি:
ট্যাগগুলো: ট্যাগ যুক্ত করুন
কোনো ট্যাগ নেই, প্রথমজন হিসাবে ট্যাগ করুন!

MARC

LEADER 00000nam a2200000Ia 4500
008 170316s9999 xx 000 0 und d
040 |a cru BVZT 
090 |a 818 H-3d 
100 |a Harvey, Jean-Charles 
245 |a Les demi-civilisés 
260 |a Montreal, Canadá 
260 |b L´homme 
260 |c 1966 
300 |a 174 páginas 
650 |a LITERATURA CANADIENSE 
999 |c 6468  |d 6468 
942 |c 15 D  |h 818 H-3d  |2 z